00646nam a22001817a 450000500170000001000230001702000260004003500140006603700090008008200110008910000190010024500800011925000060019926000490020527001190025430000200037350000710039320250101124053.0 aDEC24SC ENG-142970 a9789358708332c299.00 aEN-126502 bDBAD a95421 aMalhotra, Raj  aModern History for UPSC & PSC Civil Services Examinations/cBy Raj Malhotra a1 aNew DelhibS Chand and Company Limitedc2024 a A-27, 2nd Floor, Mohan Co-operative Industrial EstatebNew Delhie110044minfo@schandpublishing.comk011-49731800 a152p.c26cm(pb) a For UPSC & State PSC Civil Services Examinations (Prelims + Main)